000 00586cam a22001697a 4500
008 180718b2000 xxu||||| |||| 00| 0 eng d
020 _a8120413709
082 _aO91x54 R141
245 _aMountain biodiversity, land use dynamics, and traditional ecological knowledge
_cedited by P.S. Ramakrishnan...[et.al.]
260 _aDelhi
_bOxford & IBH Publishing
_c2000
300 _a353p.
440 _aMan and the biosphere programme
650 _aEcological risk assessment - India
650 _aLand use - India
650 _aBiological diversity - India
700 _aRamakrishnan, P.S.
999 _c400330
_d400330